FULRO tập đoàn tội phạm
Truyện người thật việc thật về tội ác của tập đoàn FULRO( mặt trận thống nhất giải phóng các sắc tộc )
保存先:
| 第一著者: | |
|---|---|
| フォーマット: | 図書 |
| 言語: | Undetermined |
| 出版事項: |
Hà Nội
Công an nhân dân
1983
|
| 主題: | |
| タグ: |
タグ追加
タグなし, このレコードへの初めてのタグを付けませんか!
|
| Thư viện lưu trữ: | Trung tâm Học liệu Trường Đại học Cần Thơ |
|---|
| LEADER | 00762nam a2200193Ia 4500 | ||
|---|---|---|---|
| 001 | CTU_9299 | ||
| 008 | 210402s9999 xx 000 0 und d | ||
| 082 | |a 895.92230873 | ||
| 082 | |b Ng450f | ||
| 100 | |a Ngôn Vĩnh | ||
| 245 | 0 | |a FULRO tập đoàn tội phạm | |
| 245 | 0 | |c Ngôn Vĩnh | |
| 260 | |a Hà Nội | ||
| 260 | |b Công an nhân dân | ||
| 260 | |c 1983 | ||
| 520 | |a Truyện người thật việc thật về tội ác của tập đoàn FULRO( mặt trận thống nhất giải phóng các sắc tộc ) | ||
| 650 | |a detective and mystery stories, vietnamese,short stories, vietnamese | ||
| 904 | |i Nguyễn Quang Điền, 960926 | ||
| 980 | |a Trung tâm Học liệu Trường Đại học Cần Thơ | ||